[Event "4NCL Online Division 5"]
[Site "online"]
[Date "2020.05.19"]
[Round "7.134"]
[White "Masacorale, Jamie"]
[Black "Whelan, Sean"]
[Result "1-0"]
[WhiteElo "1322"]
[BlackElo "1267"]
[PlyCount "35"]
[EventDate "2020.05.19"]
[WhiteTeam "MCS Oxford Juniors"]
[BlackTeam "4 Gems"]

1. d4 d5 2. Nf3 Bf5 3. e3 Nf6 4. c4 c6 5. Nc3 e6 6. Bd2 Ne4 7. cxd5 cxd5 8. a3
Nxd2 9. Qxd2 a6 10. Bd3 Qf6 11. Bxf5 Qxf5 12. Rc1 Qg4 13. O-O Bd6 14. Nb5 Kd7
15. Nxd6 Kxd6 16. Qb4+ Kd7 17. Qxb7+ Ke8 18. Rc8# 1-0

[Event "4NCL Online Division 5"]
[Site "online"]
[Date "2020.05.19"]
[Round "7.141"]
[White "Colter, Nigel"]
[Black "Ball, Matthew P"]
[Result "1-0"]
[WhiteElo "1780"]
[BlackElo "1750"]
[PlyCount "95"]
[EventDate "2020.05.19"]
[WhiteTeam "Uxbridge Knights 1"]
[BlackTeam "Doughnuts of Doom"]

1. d4 Nf6 2. Nf3 d5 3. e3 Bf5 4. c4 e6 5. Nc3 c6 6. Bd3 Bxd3 7. Qxd3 Nbd7 8.
O-O Bd6 9. e4 dxe4 10. Nxe4 Nxe4 11. Qxe4 Nf6 12. Qh4 Qc7 13. Re1 O-O 14. Ne5
Rad8 15. Ng4 Nxg4 16. Qxg4 Be7 17. Be3 Bf6 18. Rad1 Rd7 19. Re2 Rfd8 20. Red2
Qa5 21. a3 e5 22. Rd3 exd4 23. b4 Qc7 24. Bxd4 Bxd4 25. Rxd4 Rxd4 26. Rxd4 Qe7
27. Rxd8+ Qxd8 28. c5 Qe8 29. Qd1 h6 30. h3 Kf8 31. Qd6+ Kg8 32. Qd2 Qc8 33.
Kh2 Qc7+ 34. g3 b6 35. cxb6 axb6 36. Qe3 Kf8 37. h4 c5 38. Qc3 c4 39. a4 Qc6
40. a5 bxa5 41. bxa5 Qb5 42. Qa3+ Ke8 43. a6 Qb6 44. Qa4+ Ke7 45. Qa3+ Kd8 46.
Qf8+ Kd7 47. Qxf7+ Kd6 48. a7 1-0

[Event "4NCL Online Division 5"]
[Site "online"]
[Date "2020.05.19"]
[Round "7.142"]
[White "Smith, David W"]
[Black "Knight, David"]
[Result "1-0"]
[WhiteElo "1727"]
[BlackElo "1735"]
[PlyCount "97"]
[EventDate "2020.05.19"]
[WhiteTeam "Doughnuts of Doom"]
[BlackTeam "Uxbridge Knights 1"]

1. e4 e6 2. Qe2 b6 3. g3 Bb7 4. Bg2 Be7 5. Nf3 Nf6 6. d3 O-O 7. O-O d6 8. h4
Nbd7 9. Nbd2 c5 10. c4 a6 11. a4 Bc6 12. d4 cxd4 13. Nxd4 Bb7 14. b4 Rc8 15.
Bb2 Ne8 16. Rfc1 Ndf6 17. e5 Bxg2 18. exf6 Bxf6 19. Kxg2 d5 20. c5 e5 21. N4b3
d4 22. Qxa6 bxc5 23. Rxc5 Rb8 24. b5 Nd6 25. Qc6 Rb6 26. Qc7 Qxc7 27. Rxc7 Nxb5
28. axb5 Rxb5 29. Rac1 Rbb8 30. Ba3 Rfe8 31. Bd6 Rbd8 32. R7c6 e4 33. Bf4 e3
34. fxe3 dxe3 35. Nf3 h6 36. Ne1 Kh7 37. Kf3 e2 38. Nd2 Be7 39. Be3 Bb4 40.
R1c2 Rd5 41. g4 f5 42. g5 hxg5 43. hxg5 Ba5 44. g6+ Kg8 45. Rc8 Rdd8 46. Rxd8
Rxd8 47. Kxe2 Kf8 48. Kf3 Ke7 49. Bg5+ 1-0

[Event "4NCL Online Division 5"]
[Site "online"]
[Date "2020.05.19"]
[Round "7.143"]
[White "Knight, Daniel"]
[Black "Ball, Katie C"]
[Result "1-0"]
[WhiteElo "1697"]
[BlackElo "1532"]
[PlyCount "63"]
[EventDate "2020.05.19"]
[WhiteTeam "Uxbridge Knights 1"]
[BlackTeam "Doughnuts of Doom"]

1. d4 e6 2. Bf4 f5 3. Nf3 Nf6 4. e3 b6 5. a3 Bb7 6. Nc3 Bd6 7. Bxd6 cxd6 8. Nb5
Qe7 9. Nc7+ Kf7 10. Nxa8 Bxa8 11. Bc4 Rc8 12. Bb3 Kg8 13. c3 Qe8 14. O-O Qg6
15. Ne1 Ng4 16. d5 e5 17. h3 Nf6 18. Ba2 Bb7 19. Nf3 h6 20. c4 Qh7 21. Rc1 g5
22. Bb1 Kh8 23. Nh2 Rg8 24. g4 e4 25. Qd4 Rf8 26. f3 Kg8 27. fxe4 Nxe4 28. Bxe4
fxe4 29. Rxf8+ Kxf8 30. Qf6+ Qf7 31. Qxd6+ Kg7 32. Qxb8 1-0

[Event "4NCL Online Division 5"]
[Site "online"]
[Date "2020.05.19"]
[Round "7.144"]
[White "Ball, Charlie"]
[Black "Foale, Ron"]
[Result "0-1"]
[WhiteElo "1555"]
[BlackElo "1532"]
[PlyCount "36"]
[EventDate "2020.05.19"]
[WhiteTeam "Doughnuts of Doom"]
[BlackTeam "Uxbridge Knights 1"]

1. e4 e5 2. Nf3 Nc6 3. d4 exd4 4. Nxd4 Bc5 5. Nb3 Bb6 6. Nc3 Nge7 7. Bc4 d6 8.
O-O O-O 9. Bf4 Be6 10. Bd5 Qc8 11. a4 a6 12. Bg5 h6 13. Bxc6 Nxc6 14. Bh4 Ne5
15. h3 Bxh3 16. gxh3 Qxh3 17. Qh5 Nf3+ 18. Qxf3 Qxf3 0-1

[Event "4NCL Online Division 5"]
[Site "online"]
[Date "2020.05.19"]
[Round "7.151"]
[White "Chung, Ethan Cheung Jing"]
[Black "Lingard, Geoffrey W"]
[Result "1-0"]
[WhiteElo "1847"]
[BlackElo "1765"]
[PlyCount "71"]
[EventDate "2020.05.19"]
[WhiteTeam "Young Dragons"]
[BlackTeam "Bude Surfers"]

1. e4 d5 2. exd5 Nf6 3. Nc3 Nxd5 4. Nxd5 Qxd5 5. d4 Nc6 6. Nf3 Bg4 7. Be2 O-O-O
8. Be3 e6 9. O-O h6 10. c4 Qd6 11. h3 Bxf3 12. Bxf3 Nxd4 13. Bxd4 Qxd4 14. Qb3
Qb6 15. Qc3 Rg8 16. Rfd1 Be7 17. Rab1 Bf6 18. Qc2 Rd4 19. c5 Qb5 20. Rxd4 Bxd4
21. b4 Rd8 22. a4 Qe8 23. b5 Qe7 24. c6 b6 25. g3 Qc5 26. Qa2 Qc3 27. Kg2 Bxf2
28. Qxf2 Rd2 29. Be2 Qc2 30. Re1 Qxa4 31. Qxf7 Qe4+ 32. Qf3 Qb4 33. Rf1 Qb2 34.
Rf2 Qf6 35. Qe3 Qb2 36. Qxe6+ 1-0

[Event "4NCL Online Division 5"]
[Site "online"]
[Date "2020.05.19"]
[Round "7.152"]
[White "Constable, Christine F"]
[Black "Wu, Yuxuan"]
[Result "0-1"]
[WhiteElo "1577"]
[BlackElo "1480"]
[PlyCount "54"]
[EventDate "2020.05.19"]
[WhiteTeam "Bude Surfers"]
[BlackTeam "Young Dragons"]

1. d4 Nf6 2. Nf3 g6 3. c4 Bg7 4. Nc3 O-O 5. e4 d6 6. Bd3 e5 7. d5 Ne8 8. Bd2 f5
9. exf5 gxf5 10. Ng5 Bf6 11. Qh5 Bxg5 12. Bxg5 Qd7 13. O-O Ng7 14. Qh4 e4 15.
Be2 Qf7 16. Bh6 Nd7 17. Qg5 Qf6 18. Qd2 Ne5 19. Bg5 Qg6 20. h4 Nh5 21. Nb5 f4
22. Qd1 f3 23. gxf3 exf3 24. Bd3 Nxd3 25. Nxc7 Qf5 26. Kh1 Qh3+ 27. Kg1 Qg2#
0-1

[Event "4NCL Online Division 5"]
[Site "online"]
[Date "2020.05.19"]
[Round "7.153"]
[White "Davies, Milo"]
[Black "Constable, John"]
[Result "1-0"]
[WhiteElo "1420"]
[BlackElo "1562"]
[PlyCount "135"]
[EventDate "2020.05.19"]
[WhiteTeam "Young Dragons"]
[BlackTeam "Bude Surfers"]

1. e4 g6 2. d4 Bg7 3. f4 d6 4. Nf3 Nf6 5. Nc3 O-O 6. Be2 Bg4 7. O-O c5 8. e5
dxe5 9. dxe5 Nfd7 10. Be3 Nc6 11. Qd2 e6 12. Rad1 Qb6 13. Na4 Qb4 14. Qxb4 Nxb4
15. Rxd7 Nxc2 16. Bxc5 Rfc8 17. Rc1 Nb4 18. Rxb7 Nd5 19. Rd1 Nxf4 20. Kf2 Nxe2
21. Kxe2 Bxe5 22. h3 Bxf3+ 23. Kxf3 Bxb2 24. Rxb2 Rd8 25. Rxd8+ Rxd8 26. Ke2
Rd7 27. Ke3 Rd5 28. Rb8+ Kg7 29. Bd4+ e5 30. Bb2 Ra5 31. Nc3 f6 32. Rb7+ Kh6
33. h4 f5 34. Bc1 f4+ 35. Kf3 Rc5 36. Ne2 a5 37. g4 g5 38. Rb6+ Kg7 39. hxg5
Rc4 40. Bb2 Rc5 41. Nxf4 Kg8 42. Rb8+ Kf7 43. Rf8+ Kxf8 44. Ba3 exf4 45. Bxc5+
Kf7 46. a4 Ke6 47. Kxf4 Kd5 48. Bb6 Kc6 49. Bxa5 Kc5 50. Kf5 Kd5 51. g6 hxg6+
52. Kxg6 Ke6 53. Kh6 Kf7 54. Bb4 Kg8 55. a5 Kh8 56. a6 Kg8 57. a7 Kf7 58. a8=Q
Ke6 59. Qe4+ Kd7 60. Qe7+ Kc6 61. Qd6+ Kb7 62. Qc5 Ka8 63. Qc6+ Ka7 64. g5 Kb8
65. g6 Ka7 66. g7 Kb8 67. g8=Q+ Ka7 68. Qga8# 1-0

[Event "4NCL Online Division 5"]
[Site "online"]
[Date "2020.05.19"]
[Round "7.154"]
[White "Russell, Lloyd"]
[Black "Jaberansari, Benjamin"]
[Result "1/2-1/2"]
[WhiteElo "1210"]
[BlackElo "1330"]
[PlyCount "52"]
[EventDate "2020.05.19"]
[WhiteTeam "Bude Surfers"]
[BlackTeam "Young Dragons"]

1. d4 Nf6 2. c4 g6 3. g3 Bg7 4. e3 d6 5. Bg2 O-O 6. b3 e5 7. d5 Ne8 8. Bb2 f5
9. Ne2 Na6 10. Nbc3 Nc5 11. O-O e4 12. Nc1 a5 13. a4 b6 14. Rb1 Nf6 15. Qc2 Ng4
16. Ba3 Qf6 17. Bxc5 Qxc3 18. Qxc3 Bxc3 19. Ne2 Bf6 20. Bd4 Ne5 21. h4 Nd3 22.
Bxf6 Rxf6 23. Nc1 Ne5 24. Ne2 Nd3 25. Nc1 Ne5 26. Ne2 Nd3 1/2-1/2

[Event "4NCL Online Division 5"]
[Site "online"]
[Date "2020.05.19"]
[Round "7.162"]
[White "Hutton, Allan"]
[Black "Berry, Steve"]
[Result "1/2-1/2"]
[WhiteElo "1600"]
[BlackElo "1480"]
[PlyCount "89"]
[EventDate "2020.05.19"]
[WhiteTeam "Broken Herts 1"]
[BlackTeam "Warley and Quinborne"]

1. Nf3 c5 2. b3 Nf6 3. Bb2 e6 4. g3 Nc6 5. Bg2 Be7 6. O-O d5 7. d3 Qc7 8. Nbd2
e5 9. c4 d4 10. Ne1 O-O 11. Ne4 Bd7 12. Nc2 h6 13. a3 Rad8 14. Bc1 Kh7 15.
Nxf6+ Bxf6 16. Bd2 Ne7 17. b4 b6 18. a4 Bc6 19. Bxc6 Qxc6 20. b5 Qd7 21. a5 Ng6
22. axb6 axb6 23. Ra6 Rb8 24. Ne1 Qb7 25. Ng2 e4 26. Nf4 exd3 27. Nxg6 fxg6 28.
exd3 Qd7 29. Kg2 g5 30. f4 g4 31. Re1 h5 32. h3 Qb7+ 33. Kh2 Rbe8 34. hxg4 hxg4
35. Qxg4 Rxe1 36. Qh3+ Kg8 37. Bxe1 Re8 38. Bf2 Re2 39. Qf1 Re8 40. Qg2 Qe7 41.
Qd5+ Kh7 42. Qh5+ Kg8 43. Qd5+ Kh7 44. Qh5+ Kg8 45. Qd5+ 1/2-1/2

[Event "4NCL Online Division 5"]
[Site "online"]
[Date "2020.05.19"]
[Round "7.163"]
[White "Lewis, John B"]
[Black "Elder, Kidge"]
[Result "0-1"]
[WhiteElo "1465"]
[BlackElo "1555"]
[PlyCount "108"]
[EventDate "2020.05.19"]
[WhiteTeam "Warley and Quinborne"]
[BlackTeam "Broken Herts 1"]

1. d4 c6 2. c4 d5 3. Nc3 Nf6 4. Bg5 Nbd7 5. Nf3 h6 6. Bh4 e6 7. a3 Be7 8. e3
O-O 9. cxd5 exd5 10. Bd3 Re8 11. O-O Bd6 12. Re1 Qc7 13. Rc1 Qb8 14. b4 a6 15.
Bf5 Be7 16. Bg3 Qa7 17. Na4 Nh5 18. Bc7 Nhf6 19. Nd2 g6 20. Bxd7 Nxd7 21. Nb3
b5 22. Rxc6 bxa4 23. Na5 Nb8 24. Bb6 Qd7 25. Rc3 Qb5 26. Bc7 Bd7 27. Bg3 Bd8
28. Rc5 Qb6 29. Rxd5 Qa7 30. Nc4 Be6 31. Qxa4 Bd7 32. Qc2 Bf5 33. Qc3 Be6 34.
Re5 Nd7 35. Nd6 Nxe5 36. Nxe8 Rc8 37. Qd2 Nc4 38. Qe2 Be7 39. Qd3 Rxe8 40. d5
Rd8 41. Qxc4 Bxd5 42. Qc3 Qb6 43. Bc7 Rc8 44. Bxb6 Rxc3 45. Rd1 Rxa3 46. h3 Bc4
47. Rd7 Bxb4 48. Rd8+ Kh7 49. Bd4 g5 50. Rh8+ Kg6 51. Rg8+ Kf5 52. g4+ Ke4 53.
f3+ Kxf3 54. Rf8 Bxf8 0-1

[Event "4NCL Online Division 5"]
[Site "online"]
[Date "2020.05.19"]
[Round "7.164"]
[White "Zsibrita, Steve"]
[Black "Woodward, Pauline"]
[Result "1-0"]
[WhiteElo "1495"]
[BlackElo "1262"]
[PlyCount "137"]
[EventDate "2020.05.19"]
[WhiteTeam "Broken Herts 1"]
[BlackTeam "Warley and Quinborne"]

1. d4 Nf6 2. Bg5 g6 3. Bxf6 exf6 4. e4 c5 5. c3 d6 6. Nf3 Bg7 7. Bc4 O-O 8. O-O
f5 9. Bd5 fxe4 10. Bxe4 Nc6 11. Bxc6 bxc6 12. dxc5 dxc5 13. Qc2 Qc7 14. Nbd2
Bf5 15. Qa4 Rab8 16. Qa3 Rb5 17. Rac1 Rfb8 18. b3 a5 19. Rfe1 Be6 20. Ng5 Qd6
21. Nde4 Qe5 22. Nxe6 fxe6 23. Nd2 Qd6 24. Rc2 Bxc3 25. Qc1 Bb4 26. Nc4 Qe7 27.
Ree2 Ra8 28. a3 a4 29. bxa4 Rxa4 30. axb4 Raxb4 31. Rb2 Qa7 32. Rxb4 Rxb4 33.
h3 Qa6 34. Rc2 Qb5 35. Ne5 Rb1 36. Nc4 Rxc1+ 37. Rxc1 Kg7 38. Ne3 h6 39. Rd1
Qb7 40. Ng4 Qc7 41. f4 g5 42. Ne5 Kf6 43. Ng4+ Kg6 44. fxg5 hxg5 45. Rf1 Qg7
46. Rf3 c4 47. Kf2 Qd4+ 48. Re3 Qf4+ 49. Ke2 Kf7 50. Rf3 Qxf3+ 51. Kxf3 c3 52.
Ne3 Kf6 53. Ke2 Ke5 54. Kd3 Kf4 55. Nf1 e5 56. Kxc3 e4 57. Kd2 c5 58. Ke2 c4
59. Nd2 c3 60. Nf1 Ke5 61. Kd1 Kd4 62. g3 Kd3 63. h4 e3 64. Nxe3 Kxe3 65. hxg5
Kf3 66. g6 Kxg3 67. g7 c2+ 68. Kxc2 Kf3 69. g8=Q 1-0

[Event "4NCL Online Division 5"]
[Site "online"]
[Date "2020.05.19"]
[Round "7.171"]
[White "Vig, Sanjay"]
[Black "Pines, Chris"]
[Result "1-0"]
[WhiteElo "1532"]
[BlackElo "1570"]
[PlyCount "67"]
[EventDate "2020.05.19"]
[WhiteTeam "Watford 3"]
[BlackTeam "St Albans 3"]

1. e4 e5 2. f4 exf4 3. Nf3 g5 4. h4 g4 5. Ng5 Nh6 6. Bc4 Qe7 7. Nc3 c6 8. d3 f6
9. Bxf4 fxg5 10. hxg5 Bg7 11. gxh6 Bxc3+ 12. bxc3 d6 13. Rh5 Rf8 14. g3 Be6 15.
Bb3 Nd7 16. Qe2 Nc5 17. Bxe6 Nxe6 18. Qxg4 O-O-O 19. Bg5 Rg8 20. Bxe7 Rxg4 21.
Bxd8 Rxg3 22. Kf2 Rg6 23. Ba5 Rf6+ 24. Ke3 Nf4 25. Rh2 Ng6 26. Rah1 Ne5 27. Rg1
Ng6 28. Rf2 Re6 29. Rf7 Re7 30. Rxe7 Nxe7 31. Rg7 Ng6 32. Rc7+ Kb8 33. Rxh7 b6
34. Rg7 1-0

[Event "4NCL Online Division 5"]
[Site "online"]
[Date "2020.05.19"]
[Round "7.173"]
[White "Nokes, Oliver"]
[Black "Angel, George"]
[Result "0-1"]
[WhiteElo "1350"]
[BlackElo "1472"]
[PlyCount "64"]
[EventDate "2020.05.19"]
[WhiteTeam "Watford 3"]
[BlackTeam "St Albans 3"]

1. e4 c6 2. d4 d5 3. exd5 cxd5 4. Nf3 Bf5 5. Nc3 e6 6. Bb5+ Nc6 7. Ne5 Qc7 8.
O-O Bd6 9. g3 Bxe5 10. dxe5 Qxe5 11. Bf4 Qf6 12. Re1 Nge7 13. Bxc6+ bxc6 14.
Be5 Qg6 15. Ne2 O-O 16. Nf4 Qg4 17. h3 Qxd1 18. Raxd1 Bxc2 19. Rc1 Ba4 20. Bd6
Rfe8 21. Nh5 Nf5 22. Be5 f6 23. Bxf6 gxf6 24. Nxf6+ Kf7 25. Nxe8 Rxe8 26. g4
Nd4 27. Kg2 Rc8 28. Re5 Bc2 29. Rh5 Be4+ 30. Kf1 Nf3 31. Rc3 d4 32. Rb3 Nd2+
0-1

[Event "4NCL Online Division 5"]
[Site "online"]
[Date "2020.05.19"]
[Round "7.174"]
[White "Gemmell, Adam"]
[Black "Ramesh, Karthik R"]
[Result "1-0"]
[WhiteElo "1390"]
[BlackElo "1270"]
[PlyCount "51"]
[EventDate "2020.05.19"]
[WhiteTeam "St Albans 3"]
[BlackTeam "Watford 3"]

1. e4 e5 2. Bc4 Nf6 3. d3 Bc5 4. Nc3 c6 5. Bg5 h6 6. Bh4 Qb6 7. Na4 Qb4+ 8. Nc3
Qxb2 9. Nge2 Bb4 10. O-O b5 11. Bb3 Bxc3 12. Rb1 Qa3 13. Nxc3 a5 14. Bxf6 gxf6
15. Qh5 Rf8 16. Ne2 a4 17. Bxf7+ Rxf7 18. f4 Qxa2 19. fxe5 Qe6 20. Rxf6 Qe7 21.
Rbf1 Kd8 22. Rxf7 Qc5+ 23. d4 Qxc2 24. e6 Qxe4 25. e7+ Kc7 26. Qe5+ 1-0

[Event "4NCL Online Division 5"]
[Site "online"]
[Date "2020.05.19"]
[Round "7.181"]
[White "Wong, Tristan"]
[Black "Humeniuk, Michael"]
[Result "0-1"]
[WhiteElo "1622"]
[BlackElo "1480"]
[PlyCount "140"]
[EventDate "2020.05.19"]
[WhiteTeam "Warwickshire Bears C"]
[BlackTeam "Broken Herts 2"]

1. d4 d5 2. Bf4 Nf6 3. Nc3 a6 4. e3 Bf5 5. Bd3 Bg6 6. Nf3 Nc6 7. O-O e6 8. Ne5
Nxe5 9. dxe5 Nd7 10. e4 d4 11. Ne2 c5 12. c3 dxc3 13. Nxc3 Be7 14. Rc1 O-O 15.
Ne2 Rc8 16. Be3 Nxe5 17. Bb1 Qxd1 18. Rfxd1 b6 19. f4 Ng4 20. Bf2 Rcd8 21. f5
Nxf2 22. Kxf2 exf5 23. Rxd8 Rxd8 24. exf5 Bh5 25. Ng3 Bd1 26. Ne4 Ba4 27. Re1
Kf8 28. Re3 Bc6 29. f6 Bxf6 30. Nxf6 gxf6 31. Bxh7 Rd2+ 32. Re2 Rxe2+ 33. Kxe2
Bxg2 34. Bf5 Kg7 35. Bc8 a5 36. Bd7 Be4 37. Ke3 Bd5 38. a3 Kg6 39. Kf4 Be6 40.
Bb5 Kh5 41. Kg3 Kg5 42. h4+ Kf5 43. Bd3+ Ke5 44. Kf3 f5 45. h5 Kf6 46. Kf4 c4
47. Bc2 b5 48. Bb1 b4 49. axb4 axb4 50. Bc2 c3 51. b3 Kg7 52. Kg5 f6+ 53. Kf4
Kh6 54. Bd1 Bf7 55. Bc2 Bxh5 56. Ke3 Kg5 57. Kf2 f4 58. Kg2 Bf7 59. Kf3 Bd5+
60. Kf2 Kg4 61. Bd1+ f3 62. Bc2 Kf4 63. Bd1 Be4 64. Bxf3 Bxf3 65. Ke1 Bd5 66.
Kf2 c2 67. Ke2 c1=Q 68. Kd3 Qc3+ 69. Ke2 Qe3+ 70. Kf1 Qd2 0-1

[Event "4NCL Online Division 5"]
[Site "online"]
[Date "2020.05.19"]
[Round "7.183"]
[White "Agrawal, Ansh"]
[Black "Lynch, Mark"]
[Result "1-0"]
[WhiteElo "1472"]
[BlackElo "1472"]
[PlyCount "139"]
[EventDate "2020.05.19"]
[WhiteTeam "Warwickshire Bears C"]
[BlackTeam "Broken Herts 2"]

1. d4 d5 2. c4 e6 3. Nc3 Nf6 4. Nf3 Nbd7 5. Bf4 a6 6. Rc1 Bd6 7. Bg5 Be7 8. c5
c6 9. e3 h6 10. Bf4 b6 11. b4 b5 12. Be2 Nh5 13. Be5 Nhf6 14. Bg3 Nh5 15. Be5
Nhf6 16. h3 Nf8 17. Bh2 Ng6 18. Ne5 Nxe5 19. Bxe5 O-O 20. Bd3 Nd7 21. Bg3 Bf6
22. O-O e5 23. Bf5 exd4 24. exd4 Re8 25. Bc2 Nf8 26. Bd6 Be6 27. Qd3 Ng6 28.
Ne2 Nf8 29. Nf4 Bg5 30. Nxe6 Rxe6 31. Rce1 Rxd6 32. cxd6 Qxd6 33. a3 Be7 34.
Re2 g6 35. Rfe1 Ne6 36. Qd2 Bg5 37. Qc3 Kg7 38. Rd1 Bf6 39. Red2 Re8 40. Qg3
Qxg3 41. fxg3 Ng5 42. h4 Ne4 43. Bxe4 Rxe4 44. Kf2 Bd8 45. Rc2 Bb6 46. Rcd2 a5
47. Kf3 axb4 48. axb4 Kf8 49. Rd3 Ke8 50. Re3 Re6 51. Rxe6+ fxe6 52. Ke3 Bc7
53. g4 Bd6 54. Rb1 e5 55. dxe5 Bxe5 56. Rc1 g5 57. hxg5 hxg5 58. Rxc6 Bf4+ 59.
Kd4 Kd7 60. Kxd5 Be3 61. Rg6 Kc7 62. Re6 Bf2 63. Re5 Bh4 64. Kc5 Kd7 65. Kxb5
Kd6 66. Rf5 Kc7 67. Ka6 Kc6 68. b5+ Kc7 69. b6+ Kb8 70. Rf8# 1-0

[Event "4NCL Online Division 5"]
[Site "online"]
[Date "2020.05.19"]
[Round "7.184"]
[White "Williams, Graham"]
[Black "Kukreja, Karan"]
[Result "1/2-1/2"]
[WhiteElo "1435"]
[BlackElo "1405"]
[PlyCount "56"]
[EventDate "2020.05.19"]
[WhiteTeam "Broken Herts 2"]
[BlackTeam "Warwickshire Bears C"]

1. d4 Nf6 2. c4 g6 3. Nc3 Bg7 4. e3 d6 5. Nf3 O-O 6. Be2 Nbd7 7. O-O Ne8 8. Rb1
e5 9. d5 f5 10. h3 a5 11. b3 b6 12. Nh2 e4 13. Bb2 Qg5 14. f4 exf3 15. Bxf3
Qxe3+ 16. Rf2 Bxc3 17. Nf1 Qe5 18. Re2 Qg7 19. Bxc3 Qxc3 20. Re3 Qg7 21. Qe1
Bb7 22. Re7 Qd4+ 23. Kh2 Rd8 24. Qe6+ Kh8 25. Rxd7 Bc8 26. Qe7 Qe5+ 27. Qxe5+
dxe5 28. Rxd8 Bb7 1/2-1/2

[Event "4NCL Online Division 5"]
[Site "online"]
[Date "2020.05.19"]
[Round "7.191"]
[White "Gilmour, Ian"]
[Black "Wicks, Ben"]
[Result "1/2-1/2"]
[WhiteElo "1397"]
[BlackElo "1442"]
[PlyCount "43"]
[EventDate "2020.05.19"]
[WhiteTeam "Broken Herts 3"]
[BlackTeam "St Albans 4"]

1. d4 d5 2. Nc3 Nf6 3. Bf4 c5 4. e3 Nc6 5. Nb5 e5 6. Bxe5 Nxe5 7. dxe5 Ng4 8.
Nf3 a6 9. Nc3 Be6 10. h3 Nh6 11. Be2 g6 12. O-O Bg7 13. Na4 Rc8 14. b3 b5 15.
Nb2 Qc7 16. c4 Qd7 17. Ng5 Bxe5 18. Qd2 b4 19. Nxe6 fxe6 20. cxd5 Qxd5 21. Qxd5
exd5 22. Rab1 1/2-1/2

[Event "4NCL Online Division 5"]
[Site "online"]
[Date "2020.05.19"]
[Round "7.192"]
[White "Cowan, James"]
[Black "Dometakis, Lakis"]
[Result "1-0"]
[WhiteElo "1300"]
[BlackElo "1315"]
[PlyCount "37"]
[EventDate "2020.05.19"]
[WhiteTeam "St Albans 4"]
[BlackTeam "Broken Herts 3"]

1. d4 Nf6 2. Nf3 d5 3. c4 dxc4 4. e3 e6 5. Bxc4 Bb4+ 6. Bd2 Bd6 7. Nc3 O-O 8.
O-O a6 9. a4 b6 10. e4 Bb4 11. e5 Nd5 12. Nxd5 Bxd2 13. Nf6+ gxf6 14. Qxd2 Bb7
15. Qf4 Bxf3 16. Qxf3 Qxd4 17. exf6 Nd7 18. Qg3+ Kh8 19. Qg7# 1-0

[Event "4NCL Online Division 5"]
[Site "online"]
[Date "2020.05.19"]
[Round "7.193"]
[White "Cooper, John L"]
[Black "Feldman, Keith"]
[Result "0-1"]
[WhiteElo "1247"]
[BlackElo "1330"]
[PlyCount "66"]
[EventDate "2020.05.19"]
[WhiteTeam "Broken Herts 3"]
[BlackTeam "St Albans 4"]

1. e4 c5 2. d4 e6 3. Nf3 Be7 4. b3 d6 5. Bb2 Nf6 6. Nc3 O-O 7. Bc4 Qa5 8. O-O
Nc6 9. d5 Nd8 10. Re1 e5 11. Nb5 Qb6 12. Qd2 Bd7 13. Nc3 a6 14. Ne2 Nh5 15. Bc3
Qc7 16. Qe3 f5 17. exf5 Bxf5 18. Bd3 Bxd3 19. cxd3 Nf7 20. Ng3 Nf4 21. Qe4 Ng5
22. Nxg5 Bxg5 23. Ne2 Rf7 24. g3 Nh3+ 25. Kg2 Nxf2 26. Qa4 b5 27. Qa5 Qd7 28.
Qb6 Qh3+ 29. Kg1 Raf8 30. Bxe5 Be3 31. Nf4 Ng4+ 32. Rxe3 Qxh2+ 33. Kf1 Qf2# 0-1

[Event "4NCL Online Division 5"]
[Site "online"]
[Date "2020.05.19"]
[Round "7.194"]
[White "Rose, Samuel"]
[Black "Berkhout, Theo"]
[Result "1/2-1/2"]
[WhiteElo "1075"]
[BlackElo "1067"]
[PlyCount "86"]
[EventDate "2020.05.19"]
[WhiteTeam "St Albans 4"]
[BlackTeam "Broken Herts 3"]

1. e4 c5 2. Nf3 Nc6 3. Bc4 e6 4. d4 cxd4 5. Nxd4 Nxd4 6. Qxd4 Nf6 7. O-O d5 8.
exd5 exd5 9. Bb5+ Bd7 10. Bxd7+ Qxd7 11. Re1+ Be7 12. Nc3 O-O 13. Bg5 Rfe8 14.
a3 h6 15. Bxf6 Bxf6 16. Qxd5 Qxd5 17. Nxd5 Bxb2 18. Rab1 Rad8 19. Rxe8+ Rxe8
20. h3 Bxa3 21. Rxb7 Bd6 22. g4 Ra8 23. Ne7+ Bxe7 24. Rxe7 a5 25. c4 a4 26. c5
a3 27. Re1 Rc8 28. Ra1 Rxc5 29. Rxa3 f5 30. gxf5 Rxf5 31. Kg2 g5 32. Rf3 Rxf3
33. Kxf3 Kg7 34. Kg4 Kg6 35. h4 h5+ 36. Kg3 g4 37. f3 gxf3 38. Kxf3 Kf5 39. Kg3
Kg6 40. Kf4 Kf6 41. Kg3 Kg6 42. Kf4 Kf6 43. Kg3 Kg6 1/2-1/2

[Event "4NCL Online Division 5"]
[Site "online"]
[Date "2020.05.19"]
[Round "7.201"]
[White "Eccleston, Bryony"]
[Black "Will, Douglas"]
[Result "0-1"]
[WhiteElo "1330"]
[BlackElo "1828"]
[PlyCount "50"]
[EventDate "2020.05.19"]
[WhiteTeam "Manchester Juniors C"]
[BlackTeam "Grangemouth Giants"]

1. d4 Nf6 2. Bf4 g6 3. Nf3 Bg7 4. e3 d6 5. Be2 O-O 6. Nbd2 Nbd7 7. c3 h6 8. h3
Re8 9. Nc4 b5 10. Na5 c5 11. Nb3 c4 12. Nbd2 Bb7 13. b3 Nd5 14. Bh2 Nxc3 15.
Qc2 Nxe2 16. Kxe2 Rc8 17. Rab1 c3 18. Ne4 b4 19. Bxd6 Bxe4 20. Qxe4 exd6 21.
Qb7 Qa5 22. Ra1 Nb6 23. Ne1 Bxd4 24. Kd3 Bg7 25. Nc2 Qb5# 0-1

[Event "4NCL Online Division 5"]
[Site "online"]
[Date "2020.05.19"]
[Round "7.202"]
[White "Sandham, Alasdair"]
[Black "Seet, Joshua"]
[Result "1-0"]
[WhiteElo "1361"]
[BlackElo "1232"]
[PlyCount "57"]
[EventDate "2020.05.19"]
[WhiteTeam "Grangemouth Giants"]
[BlackTeam "Manchester Juniors C"]

1. d4 Nf6 2. Nf3 e6 3. Bf4 c5 4. e3 Nc6 5. Nbd2 Be7 6. Bb5 O-O 7. O-O Qb6 8. a4
cxd4 9. Nc4 Qc5 10. exd4 Qf5 11. Qd2 a6 12. Bxc6 bxc6 13. Nb6 Ne4 14. Qe3 c5
15. Nxa8 Bf6 16. dxc5 Bxb2 17. Rab1 Bf6 18. Nb6 e5 19. Rfe1 Nxf2 20. Kxf2 exf4
21. Qe4 Qxc5+ 22. Kf1 Bc3 23. Re2 f5 24. Qc4+ Qxc4 25. Nxc4 d5 26. Nd6 Rd8 27.
Re8+ Rxe8 28. Nxe8 d4 29. Nd6 1-0

[Event "4NCL Online Division 5"]
[Site "online"]
[Date "2020.05.19"]
[Round "7.203"]
[White "Eccleston, Rowan"]
[Black "Hanlon, Hugh W"]
[Result "1/2-1/2"]
[WhiteElo "1120"]
[BlackElo "1319"]
[PlyCount "158"]
[EventDate "2020.05.19"]
[WhiteTeam "Manchester Juniors C"]
[BlackTeam "Grangemouth Giants"]

1. f4 e5 2. fxe5 d6 3. Nf3 Bg4 4. g3 Bxf3 5. exf3 dxe5 6. Bg2 Nf6 7. O-O Bc5+
8. Kh1 c6 9. Re1 Nbd7 10. b3 O-O 11. Bb2 Qc7 12. d4 Bd6 13. Nd2 Rae8 14. Nc4
exd4 15. Qxd4 Bc5 16. Qd2 b5 17. Ne3 Re7 18. Nf5 Rxe1+ 19. Rxe1 Qd8 20. Rd1 Re8
21. Bd4 Bxd4 22. Qxd4 Re5 23. Nd6 Rd5 24. Qg1 Rxd1 25. Qxd1 Nd5 26. f4 Ne3 27.
Qe2 Nxg2 28. Qxg2 Qb6 29. Qe2 Nf6 30. Qe7 h6 31. Qxf7+ Kh7 32. Nf5 Ne8 33. Qxe8
Qf2 34. h4 Qf3+ 35. Kg1 Qd1+ 36. Kf2 Qxc2+ 37. Qe2 Qxf5 38. Qe3 a5 39. Qe5 Qc2+
40. Qe2 Qc5+ 41. Qe3 Qf5 42. Qe5 Qc2+ 43. Qe2 Qc5+ 44. Ke1 Qg1+ 45. Qf1 Qxg3+
46. Qf2 Qc3+ 47. Qd2 Qa1+ 48. Qd1 Qc3+ 49. Qd2 Qg3+ 50. Qf2 Qc3+ 51. Qd2 Qa1+
52. Qd1 Qxa2 53. Kf1 Qh2 54. Qd3+ Kg8 55. Qd8+ Kf7 56. Qd7+ Kg6 57. Qxc6+ Kh5
58. Qxb5+ g5 59. hxg5 Qxf4+ 60. Ke1 Qxg5 61. Qe2+ Qg4 62. Qe5+ Kh4 63. Qxa5
Qe4+ 64. Kd2 Qd4+ 65. Kc2 h5 66. Qc3 Qxc3+ 67. Kxc3 Kg3 68. b4 h4 69. b5 h3 70.
b6 h2 71. b7 h1=Q 72. b8=Q+ Kf2 73. Qb6+ Kf1 74. Qb1+ Kg2 75. Qc2+ Kh3 76. Qd3+
Kh2 77. Qe2+ Qg2 78. Qh5+ Qh3+ 79. Qxh3+ Kxh3 1/2-1/2